| 000 | 00421nam a22001697a 4500 | ||
|---|---|---|---|
| 003 | MPLRDC | ||
| 005 | 20220104145305.0 | ||
| 008 | 210129b ||||| |||| 00| 0 eng d | ||
| 082 | _a424.11 WXH | ||
| 100 | _a伍兴华编 | ||
| 245 |
_a白领KEEP IT FIT每天三分钟 _c |
||
| 260 |
_a _b快泽 _c |
||
| 300 | _b平 | ||
| 490 | _a迷你系列. 249 | ||
| 650 | _a美容运动、健身体操 | ||
| 942 |
_cBK _o424.11 WXH |
||
| 999 |
_c51237 _d51227 |
||